[Event "European Youth Chess Championship G16"]
[Site "Prague, Top Hotel Prague"]
[Date "2012.08.23"]
[Round "7.34"]
[White "Rodsmoen, Maud"]
[Black "Shepherd, Katherine M"]
[Result "0-1"]
[WhiteElo "1777"]
[BlackElo "1766"]
[PlyCount "166"]
[EventDate "2012.08.17"]

1. e4 e6 2. d4 d5 3. Nd2 Nf6 4. e5 Nfd7 5. Bd3 c5 6. c3 b6 7. Ne2 Ba6 8. Bxa6
Nxa6 9. Nf4 b5 10. O-O Qb6 11. Nb3 b4 12. Be3 c4 13. Nd2 bxc3 14. bxc3 Qa5 15.
Qg4 Nc7 16. Rfc1 Rb8 17. Rc2 Qa4 18. Qd1 g6 19. Rb1 Nb5 20. Nf3 Be7 21. h4 O-O
22. Qd2 Nxd4 23. Rxb8 Nxf3+ 24. gxf3 Rxb8 25. Rb2 Rxb2 26. Qxb2 Qa6 27. h5 g5
28. Ne2 h6 29. f4 Kg7 30. Qd2 Qb7 31. Qc1 gxf4 32. Bxf4 Kh8 33. Kh2 Qb8 34. Qe3
Bg5 35. Bxg5 hxg5 36. Qxg5 Qxe5+ 37. Qxe5+ Nxe5 38. Kg3 Kh7 39. f4 Nd3 40. Kg4
Kh6 41. Kh4 f5 42. Kg3 Kxh5 43. Nd4 Nc5 44. a3 Kg6 45. Kf3 Kf6 46. Ke3 a6 47.
Nc6 Nb3 48. Nb4 $11 48... a5 49. Nc6 Kf7 50. a4 Ke8 51. Ne5 Ke7 52. Ke2 Kd6 53.
Nf7+ Kc7 54. Ng5 Kd7 55. Nf7 Nc5 56. Ne5+ Kc7 57. Ke3 Nxa4 58. Kd4 Nb2 59. Nf3
Nd3 60. Nd2 Kd6 61. Ke3 Kc5 62. Nb1 Kb5 63. Kd4 Ka4 64. Nd2 Ka3 65. Nb1+ Kb2
66. Nd2 a4 67. Nf3 a3 68. Ng5 a2 69. Nxe6 a1=Q 70. Kxd5 Kxc3 71. Kd6 Qa6+ 72.
Ke7 Qxe6+ 73. Kxe6 Nxf4+ 74. Kxf5 Nd3 75. Ke4 Kd2 76. Kd4 c3 77. Kd5 c2 78. Ke6
c1=Q 79. Ke7 Qc5+ 80. Ke8 Qa7 81. Kf8 Ne5 82. Kg8 Qf7+ 83. Kh8 Ng6# 0-1

[Event "European Youth Chess Championship G16"]
[Site "Prague, Top Hotel Prague"]
[Date "2012.08.23"]
[Round "7.35"]
[White "Nicolajsen, Thea"]
[Black "Stranska, Kamila"]
[Result "0-1"]
[WhiteElo "1691"]
[BlackElo "1633"]
[PlyCount "94"]
[EventDate "2012.08.17"]

1. d4 Nf6 2. c4 g6 3. Nc3 Bg7 4. e4 d6 5. f4 O-O 6. Nf3 c5 7. d5 e6 8. Be2 exd5
9. cxd5 Re8 10. e5 dxe5 11. fxe5 Ng4 12. Bg5 Qb6 13. O-O Nxe5 14. Nxe5 Bxe5 15.
Bc4 Bf5 16. Qd2 Nd7 17. a3 a6 18. Rf3 Bd4+ 19. Kh1 Ne5 20. Be2 Nxf3 21. Bxf3
Qd6 22. Rf1 Bf6 23. Bh6 Re7 24. g4 Bd7 25. g5 Bg7 26. Ne4 Rxe4 27. Bxe4 Bxh6
28. gxh6 f5 29. Qc3 Qe7 30. Bg2 Re8 31. d6 Qe5 32. Qb3+ Kf8 33. Qb6 Bc6 34.
Bxc6 bxc6 35. d7 Qd5+ 36. Kg1 Qd4+ 37. Kh1 Qxd7 38. Qxc5+ Kf7 39. Qc4+ Qd5+ 40.
Qxd5+ cxd5 41. Rc1 Re7 42. Rc6 Rd7 43. h4 d4 44. Rc2 Ke6 45. Kg2 d3 46. Rd2 Rd4
47. Kg3 Ke5 0-1

[Event "European Youth Chess Championship G16"]
[Site "Prague, Top Hotel Prague"]
[Date "2012.08.23"]
[Round "7.36"]
[White "Hatasova, Michaela"]
[Black "Grochocinska, Urszula"]
[Result "1/2-1/2"]
[WhiteElo "1641"]
[BlackElo "1828"]
[PlyCount "81"]
[EventDate "2012.08.17"]

1. c4 g6 2. g3 Bg7 3. Bg2 d6 4. d4 f5 5. e3 Nf6 6. Ne2 O-O 7. O-O Qe8 8. Nbc3
e5 9. Rb1 c6 10. b4 g5 11. b5 Qh5 12. a4 e4 13. f3 d5 14. cxd5 cxd5 15. f4 g4
16. Ba3 Re8 17. Qb3 Be6 18. Rfc1 Nbd7 19. a5 b6 20. Na4 Rec8 21. a6 Qe8 22.
Nac3 h5 23. Rc2 h4 24. Rbc1 Bf8 25. Bxf8 Qxf8 26. Na2 Rxc2 27. Rxc2 Rc8 28.
Rxc8 Qxc8 29. Nec3 hxg3 30. hxg3 Kf7 31. Nb4 Nb8 32. Bf1 Qd7 33. Qb2 Ne8 34.
Qh2 Qd6 35. Qh7+ Ng7 36. Nca2 Qc7 37. Qh2 Kg6 38. Qh4 Kf7 39. Qh2 Kg6 40. Qh4
Kf7 41. Qh2 1/2-1/2

[Event "European Youth Chess Championship G16"]
[Site "Prague, Top Hotel Prague"]
[Date "2012.08.23"]
[Round "7.37"]
[White "Gueci, Laura"]
[Black "Goian, Valeria"]
[Result "1/2-1/2"]
[WhiteElo "1819"]
[BlackElo "1411"]
[PlyCount "109"]
[EventDate "2012.08.17"]

1. c4 e5 2. g3 Nc6 3. Bg2 g6 4. Nc3 Bg7 5. e4 d6 6. Nge2 Nf6 7. d3 Be6 8. O-O
Qd7 9. Nd5 Ne7 10. Bg5 Nexd5 11. cxd5 Bh3 12. Rc1 Bxg2 13. Kxg2 h6 14. Bd2 Rc8
15. Qb3 c6 16. Qa4 O-O 17. dxc6 bxc6 18. Rc2 d5 19. Rfc1 dxe4 20. dxe4 Qd3 21.
Nc3 Rfd8 22. h3 Qd4 23. Qa6 Qb6 24. Qe2 Qb7 25. Na4 Rd6 26. Nc5 Qb6 27. Be3 Qb5
28. a4 Qxe2 29. Rxe2 Rb8 30. Rc4 a5 31. Rec2 Rb4 32. Rxb4 axb4 33. b3 Bf8 34.
Kf3 Rd1 35. Rb2 Nd7 36. Nxd7 Rxd7 37. Ke2 f5 38. f3 fxe4 39. fxe4 Kf7 40. Rc2
c5 41. Rd2 Rc7 42. Kd3 Ke6 43. Kc4 h5 44. Rd5 Rf7 45. Bxc5 Bxc5 46. Rxc5 Rf3
47. Kxb4 Rxg3 48. Rc3 Rxc3 49. Kxc3 g5 50. Kd3 Kd6 51. b4 Kc6 52. b5+ Kc5 53.
Ke2 Kb6 54. Kd3 Kc5 55. Ke3 1/2-1/2

[Event "European Youth Chess Championship G16"]
[Site "Prague, Top Hotel Prague"]
[Date "2012.08.23"]
[Round "7.38"]
[White "Kopnicka, Henrieta"]
[Black "Branco, Joana Catarina Cost"]
[Result "1-0"]
[WhiteElo "1711"]
[BlackElo "1394"]
[PlyCount "79"]
[EventDate "2012.08.17"]

1. e4 c5 2. Nf3 Nc6 3. Nc3 g6 4. d4 cxd4 5. Nxd4 Bg7 6. Be3 Nf6 7. Bc4 O-O 8.
O-O a6 9. f3 b5 10. Bb3 Na5 11. Qd2 Nxb3 12. axb3 Bb7 13. Bh6 Qb6 14. Bxg7 Kxg7
15. Qf2 Kh8 16. Rfd1 Rac8 17. b4 Rc4 18. Nb3 Qxf2+ 19. Kxf2 Rxb4 20. e5 Ng8 21.
Rxd7 Rb8 22. Ra2 Kg7 23. Na5 Ba8 24. Ra7 Rd8 25. Ke2 Rbd4 26. Nb3 Rc4 27. R2xa6
b4 28. Rxa8 Rxa8 29. Rxa8 bxc3 30. bxc3 Rxc3 31. Kd2 Rc6 32. Ra7 e6 33. Nd4 Rb6
34. g4 Kf8 35. h3 Ne7 36. Rd7 Ke8 37. Ra7 Rb4 38. Rxe7+ Kf8 39. Rd7 Ke8 40.
Rd8+ 1-0